000 01200nam a2200289 a 4500
001 24958
003 BD-RjUL
005 20211209050818.0
008 140315s1969 enk 100 0 eng
020 _a0049400274
035 _a(BD-RjUL)25027
040 _aDLC
_cDLC
_dBD-RjUL
_beng
041 _aeng
082 0 0 _a940.072
_bCON 1969
245 0 0 _aContemporary history in Europe /
_cedited by Donald Cameron Watt under the auspices of the Institute of Contemporary History and Wiener Library, London ; introduction by Alan Bullock.
260 _aLondon :
_bGeorge Allen and Unwin,
_cc1969.
300 _a351 p. ;
_c23 cm.
500 _a"The papers here reprinted appear in the form in which they were originally delivered to the [international conference on contemporary history] in October 1966, or printed in the Journal of Contemporary History"--Acknowledgements.
504 _aIncludes bibliographical references.
650 0 _aHistoriography
_zEurope.
_976771
650 0 _aHistory
_xResearch.
_91836
700 1 _aWatt, Donald Cameron.
_976772
710 2 _aInstitute of Contemporary History.
_976773
710 2 _aWiener Library.
_976774
942 _2ddc
_cBK
999 _c24958
_d24958